<?xml version="1.0" encoding="UTF-8"?>
<record
    xmlns:xsi="http://www.w3.org/2001/XMLSchema-instance"
    xsi:schemaLocation="http://www.loc.gov/MARC21/slim http://www.loc.gov/standards/marcxml/schema/MARC21slim.xsd"
    xmlns="http://www.loc.gov/MARC21/slim">

  <leader>00896nam a2200229 u 4500</leader>
  <datafield tag="999" ind1=" " ind2=" ">
    <subfield code="c">7939</subfield>
    <subfield code="d">7939</subfield>
  </datafield>
  <controlfield tag="001">991061183276406706</controlfield>
  <controlfield tag="003">OSt</controlfield>
  <controlfield tag="005">20240925103752.0</controlfield>
  <controlfield tag="008">      s2021    xx      r     000 0 cat d</controlfield>
  <datafield tag="020" ind1=" " ind2=" ">
    <subfield code="a">9788413035703</subfield>
  </datafield>
  <datafield tag="040" ind1=" " ind2=" ">
    <subfield code="a">CDMR</subfield>
    <subfield code="b">cat</subfield>
    <subfield code="c">CDMR</subfield>
  </datafield>
  <datafield tag="100" ind1=" " ind2=" ">
    <subfield code="a">Vil&#xE0; Coma, N&#xFA;ria</subfield>
    <subfield code="9">4972</subfield>
  </datafield>
  <datafield tag="245" ind1=" " ind2=" ">
    <subfield code="a">Hist&#xF2;ries del 30' </subfield>
    <subfield code="b">: [15 reportatges emblem&#xE0;tics vistos avui] </subfield>
    <subfield code="c">/ N&#xFA;ria Vil&#xE0; Coma ; pr&#xF2;legs de: Joan Salvat, Eduard Sanju&#xE1;n, Carles Sol&#xE0; ; ep&#xED;leg de: Gen&#xED;s Cormand</subfield>
  </datafield>
  <datafield tag="260" ind1=" " ind2=" ">
    <subfield code="a">Lleida : </subfield>
    <subfield code="b">Pag&#xE8;s Editors, </subfield>
    <subfield code="c">2024</subfield>
  </datafield>
  <datafield tag="300" ind1=" " ind2=" ">
    <subfield code="a">233 p&#xE0;gines</subfield>
  </datafield>
  <datafield tag="505" ind1=" " ind2=" ">
    <subfield code="a">Cada cap&#xED;tol cont&#xE9; un codi QR per a visualitzar el v&#xED;deo del reportatge que s'hi comenta</subfield>
  </datafield>
  <datafield tag="610" ind1="2" ind2="0">
    <subfield code="9">446</subfield>
    <subfield code="a">Televisi&#xF3; de Catalunya</subfield>
    <subfield code="x">Programes</subfield>
  </datafield>
  <datafield tag="630" ind1=" " ind2="0">
    <subfield code="9">4973</subfield>
    <subfield code="a">30 minuts (Programa de televisi&#xF3;)</subfield>
  </datafield>
  <datafield tag="650" ind1=" " ind2="0">
    <subfield code="9">3122</subfield>
    <subfield code="a">Televisi&#xF3;</subfield>
    <subfield code="z">Catalunya</subfield>
    <subfield code="x">Programes</subfield>
  </datafield>
  <datafield tag="740" ind1=" " ind2=" ">
    <subfield code="a">Hist&#xF2;ries del 30 minuts</subfield>
  </datafield>
  <datafield tag="942" ind1=" " ind2=" ">
    <subfield code="2">udc</subfield>
    <subfield code="c">MON</subfield>
  </datafield>
  <datafield tag="952" ind1=" " ind2=" ">
    <subfield code="0">0</subfield>
    <subfield code="1">0</subfield>
    <subfield code="4">0</subfield>
    <subfield code="7">0</subfield>
    <subfield code="a">CDMR</subfield>
    <subfield code="b">CDMR</subfield>
    <subfield code="d">2024-09-25</subfield>
    <subfield code="e">Donaci&#xF3;</subfield>
    <subfield code="g">20.00</subfield>
    <subfield code="l">1</subfield>
    <subfield code="o">Fo 6/21</subfield>
    <subfield code="p">CDMR24090008</subfield>
    <subfield code="r">2025-01-07</subfield>
    <subfield code="s">2024-12-02</subfield>
    <subfield code="w">2024-09-25</subfield>
    <subfield code="y">MON</subfield>
  </datafield>
</record>
